QUALITATIVE research practice a guide for social science students & researchers

Guardat en:
Dades bibliogràfiques
Autor principal: edited by RITCHIE Jane … [et al.]
Format: Llibre
Idioma:anglès
Publicat: Sage Publications 2014
Etiquetes: Afegir etiqueta
Sense etiquetes, Sigues el primer a etiquetar aquest registre!

MARC

LEADER 00000nam a22000007a 4500
008 201210b ||||| |||| 00| 0 eng d
020 |a 978-1-4462-0912-7 
100 |a edited by RITCHIE Jane … [et al.]  
245 |a QUALITATIVE research practice  |b a guide for social science students & researchers  |c edited by Jane Ritchie … [et al.]   |g xxiv: 430p; ill. 
250 |b 2nd ed.  |c edited by RITCHIE, Jane … [et al.]  
260 |b Sage Publications  |c 2014  |h Los Angeles  |i 691968  |i 691969  |l H62 .Qu2  |m Social sciences – Research  |m Social science – Methodology  |m Qualitative research 
942 |a lcc  |c BK  |e YUNUSA, A.A.  |f 10/12/2020 
952 |0 0  |1 0  |2 ddc  |4 0  |6 H_62_000000000000000__QU2  |7 0  |9 333  |a HOL  |b HOL  |c GJ  |d 2020-12-10  |l 0  |o H62 .Qu2  |p 2020-2068  |r 2020-12-10 00:00:00  |w 2020-12-10  |y BK 
952 |0 0  |1 0  |2 ddc  |4 0  |6 H_62_000000000000000__QU2  |7 0  |9 334  |a HOL  |b HOL  |c GJ  |d 2020-12-10  |l 0  |o H62 .Qu2  |p 2020-2069  |r 2020-12-10 00:00:00  |w 2020-12-10  |y BK 
999 |c 156  |d 156